LDR 00517naa#a2200181#i#450# 001 EN\\bibl\92104 005 20260603191247.3 011 ## _a3034-4689 100 ## _a20241125b2024####ek#y0engy0150####ca 102 ## _aRU 200 1# _aNEURO-FUZZY MODELLING OF TIME SERIES VALUE FORECASTING _eJournal article 210 1# _aKazan _cKazan National Research Technological University _d2024 215 ## _a4 с. 608 ## _aJournal article _2local 700 #1 _a _g 700 #1 _aKabirova _gA N 700 #1 _aBeloborodov _gV S 856 4# _avestniktu.ru _u